Automatizované systémy řízení - významný nástroj zvyšování efektivnosti československé ekonomiky

Guardado en:
Detalles Bibliográficos
Autor principal: Nesvadba, Antonín
Otros Autores: Schránil, Pavel
Formato: Libro
Lenguaje:checo
Publicado: Praha Horizont 1986
Edición:1. vyd.
Etiquetas: Agregar Etiqueta
Sin Etiquetas, Sea el primero en etiquetar este registro!

MARC

LEADER 00000nam a2200000 4500
001 c024591
005 20221220071046.5
041 0 |a cze 
044 |a CZ 
245 1 0 |a Automatizované systémy řízení - významný nástroj zvyšování efektivnosti československé ekonomiky  |c Antonín Nesvadba, Pavel Schránil 
250 |a 1. vyd. 
264 1 |a Praha  |b Horizont  |c 1986 
300 |a 104 s. 
100 1 |a Nesvadba, Antonín 
700 1 |a Schránil, Pavel